<?xml version="1.0" encoding="UTF-8"?><?xml-stylesheet type="text/xsl" href="static/style.xsl"?><OAI-PMH xmlns="http://www.openarchives.org/OAI/2.0/" xmlns:xsi="http://www.w3.org/2001/XMLSchema-instance" xsi:schemaLocation="http://www.openarchives.org/OAI/2.0/ http://www.openarchives.org/OAI/2.0/OAI-PMH.xsd"><responseDate>2026-04-27T12:21:50Z</responseDate><request verb="GetRecord" identifier="oai:uvadoc.uva.es:10324/47355" metadataPrefix="marc">https://uvadoc.uva.es/oai/request</request><GetRecord><record><header><identifier>oai:uvadoc.uva.es:10324/47355</identifier><datestamp>2021-07-12T20:49:41Z</datestamp><setSpec>com_10324_38</setSpec><setSpec>col_10324_852</setSpec></header><metadata><record xmlns="http://www.loc.gov/MARC21/slim" xmlns:doc="http://www.lyncode.com/xoai" xmlns:xsi="http://www.w3.org/2001/XMLSchema-instance" xmlns:dcterms="http://purl.org/dc/terms/" xsi:schemaLocation="http://www.loc.gov/MARC21/slim http://www.loc.gov/standards/marcxml/schema/MARC21slim.xsd">
<leader>00925njm 22002777a 4500</leader>
<datafield tag="042" ind1=" " ind2=" ">
<subfield code="a">dc</subfield>
</datafield>
<datafield tag="720" ind1=" " ind2=" ">
<subfield code="a">Santos Rascón, Marina</subfield>
<subfield code="e">author</subfield>
</datafield>
<datafield tag="260" ind1=" " ind2=" ">
<subfield code="c">2021</subfield>
</datafield>
<datafield tag="520" ind1=" " ind2=" ">
<subfield code="a">Uno de los fines fundamentales de la Educación es lograr un desarrollo integral de los&#xd;
niños. De esta manera, tenemos que fomentar el desarrollo de sus relaciones con los&#xd;
demás, así como su pensamiento o sus emociones, entre otros. Pero muchas veces esto se&#xd;
deja apartado y no se da tanta importancia a las asignaturas que fomentan esos aspectos,&#xd;
como la Educación Musical o la Educación Plástica. El principal objetivo que pretendemos&#xd;
alcanzar con este trabajo es el de mostrar los beneficios de la improvisación musical en el&#xd;
campo de la Educación emocional dentro del aula de Música. Por ello, se lleva a cabo en la&#xd;
fundamentación teórica una recopilación de información de diferentes fuentes que&#xd;
respalden nuestro tema y que sirva para plantear una propuesta de intervención enfocada al&#xd;
curso de 4o de Primaria cuya finalidad es fomentar la creatividad musical de los alumnos,&#xd;
así como potenciar su expresión y comunicación. Todo llevado a cabo con una&#xd;
metodología activa que incentive la cooperación y la involucración en su propio&#xd;
aprendizaje.</subfield>
</datafield>
<datafield tag="024" ind2=" " ind1="8">
<subfield code="a">https://uvadoc.uva.es/handle/10324/47355</subfield>
</datafield>
<datafield tag="245" ind1="0" ind2="0">
<subfield code="a">Improvisación musical y emociones como herramientas en el aula de música de primaria</subfield>
</datafield>
</record></metadata></record></GetRecord></OAI-PMH>